| 000 | 01781cam a22004454i 4500 | ||
|---|---|---|---|
| 003 | PE-LiUPU | ||
| 005 | 20250731183425.0 | ||
| 008 | 150706s r 000 0 d | ||
| 020 | _a9789586486491 | ||
| 035 | _a(Sirsi) i9789586486491 | ||
| 040 |
_aPE-LiUPU _bspa _cPE-LiUPU _erda |
||
| 049 | _aPRUA | ||
| 082 | 0 | 4 |
_a711.42 _bL33 _221 |
| 100 | 1 |
_aLeal del Castillo, Gabriel, _eautor. |
|
| 245 | 1 | 0 |
_aEcourbanismo : _bciudad, medio ambiente y sostenibilidad / _cGabriel Leal del Castillo. |
| 250 | _a2a | ||
| 264 | 1 |
_aBogotá : _bEcoe Ediciones, _c2010. |
|
| 300 |
_a280 páginas : _bilustraciones ; _c24 centímetros |
||
| 336 |
_atext _2rdacontent |
||
| 337 |
_aunmediated _2rdamedia |
||
| 338 |
_avolume _2rdacarrier |
||
| 504 | _aInlcuye bibliografía. | ||
| 505 | 0 | _aEcosistemas y ecología urbana -- Ecourbanismo -- ¿Desarrollo sostenible o sustentable? -Modelos e indicadores -- Conclusiones -- ¿Qué hacer?. | |
| 526 | _aP158 | ||
| 526 | _aP146 | ||
| 526 | _aP17 | ||
| 526 | _aP12 | ||
| 526 | _aP06 | ||
| 541 | _g015-0011556; | ||
| 650 | 0 | 4 | _aEcología urbana. |
| 650 | 0 | 4 | _aEcosistemas urbanos. |
| 650 | 0 | 4 |
_aSostenibilidad urbana _xPlanificación. |
| 650 | 0 | 4 |
_aUrbanismo _xAspectos ambientales. |
| 910 |
_bjv _cjvm _d20100511 |
||
| 942 |
_2ddc _cBOOK |
||
| 949 |
_a711.42 L33 _wDEWEY _c1 _i61592 _d2015-8-18 _e2015-8-17 _lCCODEBUL1 _mBUL _n2 _p31.00 _r0 _sY _tBOOK _u2015-7-6 _xINGENIERIA _PP06 _0COMPRA _o.STAFF. Colección General |
||
| 994 |
_aC0 _bPEPRU |
||
| 596 | _a1 | ||
| 999 |
_a711.42 L33 _wDEWEY _c50781 _i61592 _d50781 _e2015-8-17 _f2021-11-9 _g8 _lCCODEBUL1 _mBUL _n2 _p31.00 _q1 _r0 _sY _tBOOK _u2015-7-6 _xINGENIERIA _PP06 _0COMPRA _o.STAFF. Colección General |
||
| 980 |
_81 _gALBERTO SANCHEZ Responsable de Automatización |
||